| 000 | 00659nam a22002177a 4500 | ||
|---|---|---|---|
| 005 | 20251108165958.0 | ||
| 008 | 250721s1996 xx 000 0 ara d | ||
| 082 | 1 | 4 | _aط/ق/ديز |
| 100 | 1 | _aديزني، والت | |
| 245 | 1 | 0 | _aعم دهب و الساحرة / |
| 264 | 1 |
_aالقاهرة : _bدار المعارف، _c1996. |
|
| 300 | _a127ص : مص | ||
| 490 | 0 | _aميكي و بطوط | |
| 650 | 1 | 7 | _aالقصص العربية |
| 650 | 1 | 7 | _aالأدب العربي |
| 650 | 1 | 7 | _aأدب الأطفال |
| 653 | _aالفئة العمرية (10-14) | ||
| 700 | 1 |
_aتادرس، أريت فايز _eترجمة |
|
| 942 |
_2ddc _cBK |
||
| 999 |
_c36458 _d36458 |
||